| 000 | 00721nam a22002057a 4500 | ||
|---|---|---|---|
| 005 | 20250106153341.0 | ||
| 010 | _aENG-143157 | ||
| 020 |
_c650.00 _a9788184621853 |
||
| 035 | _aEN-126689 | ||
| 037 | _bDBAD | ||
| 082 | _a921 | ||
| 100 |
_aChandrika _975910 |
||
| 245 |
_aKulasekhara Alwar's Sri Mukundamala: _bA Garland of Devotional offerings/ _cBy Chandrika |
||
| 250 | _aFirst | ||
| 260 |
_a Prabhadevi, Mumbai _bArun K. Mehta for Vakils, Feffer and Simons Pvt. Ltd. _c2021 |
||
| 270 |
_aIndustry Manor, Appasaheb Marathe Marg Prabhadevi, _bMumbai _e400025 _minfo@vakilspublications.com _k24300609 _k00912224306780 |
||
| 300 |
_a346p. _c24cm(hb) |
||
| 700 | _975806 | ||
| 942 |
_2ddc _cEN _h921 _mCHA |
||
| 999 |
_c208082 _d208082 |
||